[Event "Campeonato España Sub 18"]
[Site "Salobreña"]
[Date "2017.07.31"]
[Round "2"]
[White "Ereza Vizcarra, Fernando"]
[Black "Martinez Pla, Xavier"]
[Result "0-1"]
[Board "21"]
[WhiteClock "n/a"]
[WhiteElo "1987"]
[WhiteCountry "ESP"]
[WhiteFideId "22268987"]
[WhiteEloChange "-5"]
[BlackClock "n/a"]
[BlackElo "2166"]
[BlackCountry "ESP"]
[BlackFideId "32074271"]
[BlackEloChange "5"]

1. d4 {[%clk 1:30:30]} Nf6 {[%clk 1:30:30]} 2. Nf3 {[%clk 1:30:30]} e6 {[%clk
1:30:30]} 3. Bg5 {[%clk 1:30:30]} h6 {[%clk 1:30:30]} 4. Bh4 {[%clk 1:30:30]} d6
{[%clk 1:30:30]} 5. h3 {[%clk 1:30:30]} Be7 {[%clk 1:30:30]} 6. e3 {[%clk
1:30:30]} b6 {[%clk 1:30:30]} 7. Bd3 {[%clk 1:30:30]} Bb7 {[%clk 1:30:30]} 8.
Nbd2 {[%clk 1:30:30]} Nbd7 {[%clk 1:30:30]} 9. Bg3 {[%clk 1:30:30]} c5 {[%clk
1:30:30]} 10. O-O {[%clk 1:30:30]} g5 {[%clk 1:30:30]} 11. e4 {[%clk 1:30:30]}
cxd4 {[%clk 1:30:30]} 12. Nxd4 {[%clk 1:30:30]} a6 {[%clk 1:30:30]} 13. Re1
{[%clk 1:30:30]} Qc7 {[%clk 1:30:30]} 14. Qe2 {[%clk 1:30:30]} h5 {[%clk
1:30:30]} 15. e5 {[%clk 1:30:30]} Nxe5 {[%clk 1:30:30]} 16. Bxe5 {[%clk 1:30:30]}
dxe5 {[%clk 1:30:30]} 17. Qxe5 {[%clk 1:30:30]} Qxe5 {[%clk 1:30:30]} 18. Rxe5
{[%clk 1:30:30]} g4 {[%clk 1:30:30]} 19. f3 {[%clk 1:30:30]} O-O-O {[%clk
1:30:30]} 20. c3 {[%clk 1:30:30]} gxh3 {[%clk 1:30:30]} 21. gxh3 {[%clk 1:30:30]}
Rhg8+ {[%clk 1:30:30]} 22. Kf2 {[%clk 1:30:30]} Bd6 {[%clk 1:30:30]} 23. Re2
{[%clk 1:30:30]} Bg3+ {[%clk 1:30:30]} 24. Kf1 {[%clk 1:30:30]} Nd5 {[%clk
1:30:30]} 25. Bc4 {[%clk 1:30:30]} Nf4 {[%clk 1:30:30]} 26. Re3 {[%clk 1:30:30]}
Nxh3 {[%clk 1:30:30]} 27. Nxe6 {[%clk 1:30:30]} Rxd2 {[%clk 1:30:30]} 0-1

[Event "Campeonato España Sub 18"]
[Site "Salobreña"]
[Date "2017.07.31"]
[Round "2"]
[White "Perez Tores, Juan Miguel"]
[Black "Leonor Velasco, David"]
[Result "1-0"]
[Board "22"]
[WhiteClock "1:28"]
[WhiteElo "2163"]
[WhiteCountry "ESP"]
[WhiteFideId "22247602"]
[WhiteEloChange "3"]
[BlackClock "1:30"]
[BlackElo "1873"]
[BlackCountry "ESP"]
[BlackFideId "22284842"]
[BlackEloChange "-3"]

1. e4 {[%clk 1:29:00]} c6 {[%clk 1:30:00]} 2. d4 {[%clk 1:29:00]} d5 {[%clk
1:30:00]} 3. Nc3 {[%clk 1:29:00]} dxe4 {[%clk 1:31:00]} 4. Nxe4 {[%clk 1:30:00]}
Bf5 {[%clk 1:31:00]} 5. Qf3 {[%clk 1:30:00]} e6 {[%clk 1:22:00]} 6. Ne2 {[%clk
1:26:00]} Qd5 {[%clk 1:18:00]} 7. N2g3 {[%clk 1:25:00]} Bxe4 {[%clk 1:08:00]} 8.
Qxe4 {[%clk 1:25:00]} Nf6 {[%clk 1:08:00]} 9. Qe3 {[%clk 1:22:00]} c5 {[%clk
1:02:00]} 10. dxc5 {[%clk 1:13:00]} Bxc5 {[%clk 1:01:00]} 11. Qd3 {[%clk
1:12:00]} Qe5+ {[%clk 0:53:00]} 12. Be2 {[%clk 1:08:00]} Nc6 {[%clk 0:43:00]} 13.
c3 {[%clk 1:04:00]} Rd8 {[%clk 0:38:00]} 14. Qf3 {[%clk 0:59:00]} O-O {[%clk
0:25:00]} 15. Bf4 {[%clk 0:57:00]} Qd5 {[%clk 0:25:00]} 16. O-O {[%clk 0:54:00]}
e5 {[%clk 0:24:00]} 17. Qxd5 {[%clk 0:49:00]} Nxd5 {[%clk 0:23:00]} 18. Bc1
{[%clk 0:49:00]} f5 {[%clk 0:22:00]} 19. Rd1 {[%clk 0:46:00]} Nf4 {[%clk
0:19:39]} 20. Bc4+ {[%clk 0:45:00]} Kh8 {[%clk 0:20:00]} 21. Be3 {[%clk 0:43:00]}
Bd6 {[%clk 0:18:37]} 22. Rxd6 {[%clk 0:39:00]} Rxd6 {[%clk 0:18:43]} 23. Bc5
{[%clk 0:40:00]} Rfd8 {[%clk 0:17:50]} 24. Bxd6 {[%clk 0:39:00]} Rxd6 {[%clk
0:18:15]} 25. Nxf5 {[%clk 0:39:00]} Rd2 {[%clk 0:18:35]} 26. Rb1 {[%clk 0:38:00]}
g6 {[%clk 0:12:21]} 27. Ne3 {[%clk 0:37:00]} Na5 {[%clk 0:10:45]} 28. Bf1 {[%clk
0:37:00]} e4 {[%clk 0:09:45]} 29. b4 {[%clk 0:28:00]} Nc6 {[%clk 0:09:56]} 30. a4
{[%clk 0:28:00]} Ne5 {[%clk 0:07:46]} 31. Rd1 {[%clk 0:26:00]} Ne2+ {[%clk
0:06:34]} 32. Bxe2 {[%clk 0:25:00]} Rxe2 {[%clk 0:07:02]} 33. Kf1 {[%clk
0:23:00]} Ra2 {[%clk 0:07:23]} 34. a5 {[%clk 0:19:45]} Kg7 {[%clk 0:05:30]} 35.
Rd4 {[%clk 0:18:59]} Nd3 {[%clk 0:05:56]} 36. Rxe4 {[%clk 0:17:55]} Rxf2+ {[%clk
0:06:06]} 37. Kg1 {[%clk 0:18:17]} Rf7 {[%clk 0:06:07]} 38. Nd5 {[%clk 0:15:18]}
Nc1 {[%clk 0:04:42]} 39. h3 {[%clk 0:11:59]} Rd7 {[%clk 0:04:53]} 40. c4 {[%clk
0:10:52]} Nd3 {[%clk 0:04:40]} 41. Kf1 {[%clk 0:06:18]} Nb2 {[%clk 0:04:33]} 42.
Ne3 {[%clk 0:04:52]} Kf7 {[%clk 0:02:52]} 43. Ke2 {[%clk 0:04:46]} Nd3 {[%clk
0:03:09]} 44. b5 {[%clk 0:04:15]} Nc1+ {[%clk 0:03:25]} 45. Ke1 {[%clk 0:02:25]}
Nb3 {[%clk 0:03:48]} 46. b6 {[%clk 0:01:12]} axb6 {[%clk 0:02:21]} 47. axb6
{[%clk 0:01:35]} Nc5 {[%clk 0:02:44]} 48. Rf4+ {[%clk 0:01:34]} Kg7 {[%clk
0:02:28]} 49. Ke2 {[%clk 0:00:39]} Ne6 {[%clk 0:01:29]} 50. Rf1 {[%clk 0:00:35]}
Nd4+ {[%clk 0:01:43]} 51. Kf2 {[%clk 0:00:32]} Rf7+ {[%clk 0:01:52]} 52. Ke1
{[%clk 0:00:37]} Re7 {[%clk 0:00:40]} 53. Kd2 {[%clk 0:00:57]} Nb3+ {[%clk
0:01:04]} 54. Ke2 {[%clk 0:00:48]} Re6 {[%clk 0:00:35]} 55. Rd1 {[%clk 0:00:32]}
Rxb6 {[%clk 0:00:40]} 56. Rd7+ {[%clk 0:01:00]} Kh6 {[%clk 0:00:52]} 57. Ng4+
{[%clk 0:01:22]} Kg5 {[%clk 0:01:02]} 58. Rxh7 {[%clk 0:01:26]} Na5 {[%clk
0:00:55]} 59. Ne3 {[%clk 0:01:14]} Rb2+ {[%clk 0:00:49]} 60. Kf3 {[%clk 0:01:06]}
Rb3 {[%clk 0:01:11]} 61. Rc7 {[%clk 0:01:16]} Kf6 {[%clk 0:00:35]} 62. Ke4 {[%clk
0:01:32]} Nc6 {[%clk 0:00:34]} 63. Nd5+ {[%clk 0:01:00]} Kg5 {[%clk 0:00:36]} 64.
Rg7 {[%clk 0:00:41]} Kh6 {[%clk 0:00:37]} 65. Rd7 {[%clk 0:00:48]} Rb2 {[%clk
0:01:01]} 66. Ne3 {[%clk 0:00:46]} Kg5 {[%clk 0:01:01]} 67. g3 {[%clk 0:00:53]}
Rb3 {[%clk 0:01:18]} 68. Rf7 {[%clk 0:00:43]} Rb4 {[%clk 0:00:34]} 69. h4+ {[%clk
0:00:57]} Kh6 {[%clk 0:00:47]} 70. Ng4+ {[%clk 0:01:21]} Kh5 {[%clk 0:01:02]} 71.
Nf6+ {[%clk 0:01:21]} 1-0

[Event "Campeonato España Sub 18"]
[Site "Salobreña"]
[Date "2017.07.31"]
[Round "2"]
[White "Anton Quevedo, Andrea"]
[Black "Orteu Capdevila, Max"]
[Result "0-1"]
[Board "23"]
[WhiteClock "1:30"]
[WhiteElo "1800"]
[WhiteCountry "ESP"]
[WhiteFideId "22275118"]
[WhiteEloChange "-2"]
[BlackClock "1:30"]
[BlackElo "2161"]
[BlackCountry "ESP"]
[BlackFideId "32075359"]
[BlackEloChange "2"]

1. e4 {[%clk 1:30:00]} d6 {[%clk 1:30:00]} 2. d4 {[%clk 1:30:00]} Nf6 {[%clk
1:31:00]} 3. Nc3 {[%clk 1:31:00]} g6 {[%clk 1:31:00]} 4. Nf3 {[%clk 1:31:00]} Bg7
{[%clk 1:31:00]} 5. h3 {[%clk 1:31:00]} c6 {[%clk 1:32:00]} 6. Bf4 {[%clk
1:25:00]} O-O {[%clk 1:25:00]} 7. a4 {[%clk 1:16:00]} Nbd7 {[%clk 1:24:00]} 8.
Bc4 {[%clk 1:15:00]} Nxe4 {[%clk 1:20:00]} 9. Nxe4 {[%clk 1:14:00]} d5 {[%clk
1:19:00]} 10. Bd3 {[%clk 1:09:00]} dxe4 {[%clk 1:19:00]} 11. Bxe4 {[%clk
1:10:00]} c5 {[%clk 1:19:00]} 12. c3 {[%clk 1:06:00]} cxd4 {[%clk 1:18:00]} 13.
cxd4 {[%clk 1:02:00]} Nf6 {[%clk 1:18:00]} 14. Bc2 {[%clk 1:00:00]} b6 {[%clk
1:18:00]} 15. O-O {[%clk 0:59:00]} Bb7 {[%clk 1:18:00]} 16. Be5 {[%clk 0:56:00]}
Rc8 {[%clk 1:15:00]} 17. Rc1 {[%clk 0:53:00]} Qd7 {[%clk 1:08:00]} 18. Qe2 {[%clk
0:46:00]} Bc6 {[%clk 1:06:00]} 19. b3 {[%clk 0:38:00]} Qb7 {[%clk 1:06:00]} 20.
Nh4 {[%clk 0:30:00]} a5 {[%clk 1:01:00]} 21. Bd3 {[%clk 0:28:00]} Qd7 {[%clk
1:00:00]} 22. Rfe1 {[%clk 0:26:00]} Nd5 {[%clk 0:57:00]} 23. Bc4 {[%clk 0:23:00]}
Bh6 {[%clk 0:47:00]} 24. Rc2 {[%clk 0:20:00]} Nb4 {[%clk 0:42:00]} 25. Rb2 {[%clk
0:19:48]} Bd5 {[%clk 0:41:00]} 26. Bb5 {[%clk 0:18:09]} Qb7 {[%clk 0:42:00]} 27.
Qg4 {[%clk 0:16:12]} Be6 {[%clk 0:40:00]} 28. Qe2 {[%clk 0:14:42]} Rfd8 {[%clk
0:33:00]} 29. Nf3 {[%clk 0:14:21]} Bd5 {[%clk 0:31:00]} 30. Nh4 {[%clk 0:12:34]}
Rc3 {[%clk 0:25:00]} 31. Reb1 {[%clk 0:07:29]} Qc8 {[%clk 0:19:46]} 32. Bg3
{[%clk 0:06:11]} Bg7 {[%clk 0:19:36]} 33. Qxe7 {[%clk 0:05:40]} Bxd4 {[%clk
0:18:12]} 34. Be5 {[%clk 0:04:19]} Bxe5 {[%clk 0:15:36]} 35. Qxe5 {[%clk
0:04:43]} Be6 {[%clk 0:15:48]} 36. Qg5 {[%clk 0:03:24]} Rc5 {[%clk 0:15:04]} 37.
Qg3 {[%clk 0:02:37]} Qc7 {[%clk 0:13:40]} 38. Qxc7 {[%clk 0:02:03]} Rxc7 {[%clk
0:14:10]} 39. Nf3 {[%clk 0:02:42]} Rc3 {[%clk 0:13:45]} 40. Rd2 {[%clk 0:02:10]}
Rdc8 {[%clk 0:13:04]} 41. Nd4 {[%clk 0:02:28]} Bd5 {[%clk 0:12:41]} 42. Be2
{[%clk 0:02:04]} Rc1+ {[%clk 0:07:11]} 43. Rd1 {[%clk 0:01:28]} Rxd1+ {[%clk
0:05:39]} 44. Bxd1 {[%clk 0:01:34]} Rc3 {[%clk 0:04:14]} 45. Ne2 {[%clk 0:01:53]}
Rc8 {[%clk 0:03:17]} 46. Rc1 {[%clk 0:01:55]} Rd8 {[%clk 0:02:24]} 47. Nf4 {[%clk
0:01:29]} Be4 {[%clk 0:02:44]} 48. h4 {[%clk 0:01:06]} Na2 {[%clk 0:03:00]} 49.
Ra1 {[%clk 0:01:25]} Nc3 {[%clk 0:03:22]} 50. Bf3 {[%clk 0:00:39]} Bxf3 {[%clk
0:03:19]} 51. gxf3 {[%clk 0:01:04]} Rd4 {[%clk 0:03:56]} 52. Ng2 {[%clk 0:01:19]}
Rb4 {[%clk 0:04:04]} 53. Ne3 {[%clk 0:01:21]} Rxb3 {[%clk 0:04:21]} 54. Kg2
{[%clk 0:01:37]} Rb4 {[%clk 0:04:10]} 55. Kh3 {[%clk 0:01:48]} Rxa4 {[%clk
0:04:10]} 0-1

[Event "Campeonato España Sub 18"]
[Site "Salobreña"]
[Date "2017.07.31"]
[Round "2"]
[White "Roldan Marques, Daniel"]
[Black "Dorronsoro Larbide, Ibai"]
[Result "1-0"]
[Board "24"]
[WhiteClock "1:30"]
[WhiteTitle "FM"]
[WhiteElo "2300"]
[WhiteCountry "ESP"]
[WhiteFideId "32063318"]
[WhiteEloChange "2"]
[BlackClock "1:30"]
[BlackElo "1846"]
[BlackCountry "ESP"]
[BlackFideId "24513377"]
[BlackEloChange "-2"]

1. d4 {[%clk 1:30:00]} Nf6 {[%clk 1:30:00]} 2. c4 {[%clk 1:31:00]} e6 {[%clk
1:31:00]} 3. Nf3 {[%clk 1:31:00]} b6 {[%clk 1:31:00]} 4. e3 {[%clk 1:31:00]} Bb7
{[%clk 1:31:00]} 5. Bd3 {[%clk 1:32:00]} Bb4+ {[%clk 1:30:00]} 6. Nbd2 {[%clk
1:31:00]} O-O {[%clk 1:30:00]} 7. O-O {[%clk 1:31:00]} d5 {[%clk 1:29:00]} 8. b3
{[%clk 1:23:00]} Nbd7 {[%clk 1:28:00]} 9. Bb2 {[%clk 1:23:00]} Ne4 {[%clk
1:27:00]} 10. Rc1 {[%clk 1:21:00]} f5 {[%clk 1:23:00]} 11. a3 {[%clk 1:19:00]}
Bd6 {[%clk 1:22:00]} 12. b4 {[%clk 1:14:00]} Nxd2 {[%clk 1:04:00]} 13. Nxd2
{[%clk 1:12:00]} dxc4 {[%clk 1:04:00]} 14. Bxc4 {[%clk 1:04:00]} Bxh2+ {[%clk
0:50:00]} 15. Kxh2 {[%clk 1:03:00]} Qh4+ {[%clk 0:51:00]} 16. Kg1 {[%clk
1:03:00]} Bxg2 {[%clk 0:50:00]} 17. f4 {[%clk 0:51:00]} Bb7 {[%clk 0:33:00]} 18.
Bxe6+ {[%clk 0:45:00]} Kh8 {[%clk 0:33:00]} 19. Rf3 {[%clk 0:45:00]} Rf6 {[%clk
0:23:00]} 20. Bxd7 {[%clk 0:38:00]} Rg6+ {[%clk 0:19:57]} 21. Kf1 {[%clk
0:38:00]} Qh1+ {[%clk 0:13:32]} 22. Ke2 {[%clk 0:39:00]} Bxf3+ {[%clk 0:13:31]}
23. Nxf3 {[%clk 0:39:00]} Qg2+ {[%clk 0:13:33]} 24. Kd3 {[%clk 0:39:00]} Qxb2
{[%clk 0:13:39]} 25. Ng5 {[%clk 0:34:00]} Qxa3+ {[%clk 0:11:06]} 26. Rc3 {[%clk
0:34:00]} Qxb4 {[%clk 0:11:12]} 27. Qh1 {[%clk 0:34:00]} 1-0

[Event "Campeonato España Sub 18"]
[Site "Salobreña"]
[Date "2017.07.31"]
[Round "2"]
[White "Bartolome Martin, Angel"]
[Black "Domingo Nunez, Ruben"]
[Result "0-1"]
[Board "25"]
[WhiteClock "1:30"]
[WhiteElo "1929"]
[WhiteCountry "ESP"]
[WhiteFideId "24527823"]
[WhiteEloChange "-2"]
[BlackClock "1:30"]
[BlackTitle "FM"]
[BlackElo "2283"]
[BlackCountry "ESP"]
[BlackFideId "22245570"]
[BlackEloChange "2"]

1. d4 {[%clk 1:30:00]} Nf6 {[%clk 1:29:00]} 2. Bg5 {[%clk 1:31:00]} c5 {[%clk
1:29:00]} 3. Nc3 {[%clk 1:31:00]} cxd4 {[%clk 1:15:00]} 4. Qxd4 {[%clk 1:32:00]}
Nc6 {[%clk 1:16:00]} 5. Qh4 {[%clk 1:32:00]} e6 {[%clk 1:13:00]} 6. e4 {[%clk
1:29:00]} Be7 {[%clk 1:09:00]} 7. O-O-O {[%clk 1:28:00]} a6 {[%clk 1:00:00]} 8.
f4 {[%clk 1:24:00]} Ng8 {[%clk 0:51:00]} 9. Bxe7 {[%clk 1:21:00]} Ngxe7 {[%clk
0:51:00]} 10. e5 {[%clk 1:14:00]} Ng6 {[%clk 0:50:00]} 11. Qf2 {[%clk 1:09:00]}
O-O {[%clk 0:47:00]} 12. h4 {[%clk 1:06:00]} f5 {[%clk 0:48:00]} 13. exf6 {[%clk
0:55:00]} Qxf6 {[%clk 0:46:00]} 14. g3 {[%clk 0:55:00]} d5 {[%clk 0:45:00]} 15.
Nf3 {[%clk 0:49:00]} Nxf4 {[%clk 0:43:00]} 16. Qe3 {[%clk 0:46:00]} Nh5 {[%clk
0:31:00]} 17. Ng5 {[%clk 0:17:32]} g6 {[%clk 0:23:00]} 18. Na4 {[%clk 0:14:37]}
Qf2 {[%clk 0:08:52]} 19. Qxf2 {[%clk 0:11:48]} Rxf2 {[%clk 0:09:21]} 20. Nb6
{[%clk 0:08:06]} Rb8 {[%clk 0:09:07]} 21. Rg1 {[%clk 0:04:14]} e5 {[%clk
0:03:54]} 22. Nxc8 {[%clk 0:03:36]} Rxc8 {[%clk 0:04:15]} 23. Bh3 {[%clk
0:03:33]} Rc7 {[%clk 0:02:25]} 24. Be6+ {[%clk 0:02:48]} Kh8 {[%clk 0:02:31]} 25.
Rdf1 {[%clk 0:02:18]} Rf6 {[%clk 0:01:03]} 26. Rxf6 {[%clk 0:01:50]} Nxf6 {[%clk
0:01:29]} 27. Rf1 {[%clk 0:02:00]} Kg7 {[%clk 0:01:18]} 28. Bh3 {[%clk 0:01:02]}
Nd4 {[%clk 0:01:15]} 29. c3 {[%clk 0:00:44]} h6 {[%clk 0:01:22]} 30. Ne6+ {[%clk
0:00:30]} Nxe6 {[%clk 0:01:46]} 31. Bxe6 {[%clk 0:00:59]} d4 {[%clk 0:01:07]} 32.
Kc2 {[%clk 0:00:55]} Ne4 {[%clk 0:00:53]} 33. Rf3 {[%clk 0:01:09]} Nc5 {[%clk
0:01:01]} 34. Bd5 {[%clk 0:00:57]} e4 {[%clk 0:00:55]} 35. Rf4 {[%clk 0:00:56]}
d3+ {[%clk 0:00:40]} 36. Kd2 {[%clk 0:01:13]} Re7 {[%clk 0:00:37]} 37. Ke3 {[%clk
0:01:06]} g5 {[%clk 0:00:43]} 38. hxg5 {[%clk 0:00:51]} hxg5 {[%clk 0:01:12]} 39.
Rf2 {[%clk 0:01:21]} Nd7 {[%clk 0:01:03]} 40. b4 {[%clk 0:00:51]} Nf6 {[%clk
0:01:19]} 41. Rxf6 {[%clk 0:00:56]} Kxf6 {[%clk 0:01:48]} 42. Bxe4 {[%clk
0:01:07]} Rxe4+ {[%clk 0:01:48]} 0-1

[Event "Campeonato España Sub 18"]
[Site "Salobreña"]
[Date "2017.08.01"]
[Round "3"]
[White "Goni Navarro, Pablo"]
[Black "Santos Ruiz, Miguel"]
[Result "1/2-1/2"]
[Board "1"]
[WhiteClock "n/a"]
[WhiteElo "2197"]
[WhiteCountry "ESP"]
[WhiteFideId "22295720"]
[WhiteEloChange "7"]
[BlackClock "n/a"]
[BlackTitle "IM"]
[BlackElo "2469"]
[BlackCountry "ESP"]
[BlackFideId "22291482"]
[BlackEloChange "-3"]

1. c4 {[%clk 1:30:30]} e5 {[%clk 1:30:30]} 2. g3 {[%clk 1:30:30]} c6 {[%clk
1:30:30]} 3. d4 {[%clk 1:30:30]} Bb4+ {[%clk 1:30:30]} 4. Bd2 {[%clk 1:30:30]}
Bxd2+ {[%clk 1:30:30]} 5. Qxd2 {[%clk 1:30:30]} d6 {[%clk 1:30:30]} 6. Nc3 {[%clk
1:30:30]} Nf6 {[%clk 1:30:30]} 7. Bg2 {[%clk 1:30:30]} Qe7 {[%clk 1:30:30]} 8. e4
{[%clk 1:30:30]} a6 {[%clk 1:30:30]} 9. Nge2 {[%clk 1:30:30]} Nbd7 {[%clk
1:30:30]} 10. O-O {[%clk 1:30:30]} O-O {[%clk 1:30:30]} 11. Rad1 {[%clk 1:30:30]}
b5 {[%clk 1:30:30]} 12. b3 {[%clk 1:30:30]} Nb6 {[%clk 1:30:30]} 13. dxe5 {[%clk
1:30:30]} dxe5 {[%clk 1:30:30]} 14. Qd6 {[%clk 1:30:30]} Qxd6 {[%clk 1:30:30]}
15. Rxd6 {[%clk 1:30:30]} Bd7 {[%clk 1:30:30]} 16. c5 {[%clk 1:30:30]} Nc8 {[%clk
1:30:30]} 17. Rd2 {[%clk 1:30:30]} Re8 {[%clk 1:30:30]} 18. Rfd1 {[%clk 1:30:30]}
Ra7 {[%clk 1:30:30]} 19. f4 {[%clk 1:30:30]} Bg4 {[%clk 1:30:30]} 20. b4 {[%clk
1:30:30]} a5 {[%clk 1:30:30]} 21. a3 {[%clk 1:30:30]} axb4 {[%clk 1:30:30]} 22.
axb4 {[%clk 1:30:30]} Kf8 {[%clk 1:30:30]} 23. h3 {[%clk 1:30:30]} Be6 {[%clk
1:30:30]} 24. f5 {[%clk 1:30:30]} Bb3 {[%clk 1:30:30]} 25. Rb1 {[%clk 1:30:30]}
Bc4 {[%clk 1:30:30]} 26. Rdd1 {[%clk 1:30:30]} Ke7 {[%clk 1:30:30]} 27. Kf2
{[%clk 1:30:30]} Rd8 {[%clk 1:30:30]} 28. Ra1 {[%clk 1:30:30]} Rxa1 {[%clk
1:30:30]} 29. Rxa1 {[%clk 1:30:30]} Rd2 {[%clk 1:30:30]} 30. Rd1 {[%clk 1:30:30]}
Rb2 {[%clk 1:30:30]} 1/2-1/2

[Event "Campeonato España Sub 18"]
[Site "Salobreña"]
[Date "2017.08.01"]
[Round "3"]
[White "Garcia Martin, Marta"]
[Black "Martin Carmona, Gaston Manuel"]
[Result "0-1"]
[Board "2"]
[WhiteClock "1:30"]
[WhiteTitle "FM"]
[WhiteElo "2435"]
[WhiteCountry "ESP"]
[WhiteFideId "32084030"]
[WhiteEloChange "-8"]
[BlackClock "1:30"]
[BlackElo "2205"]
[BlackCountry "ESP"]
[BlackFideId "22284567"]
[BlackEloChange "16"]

1. e4 {[%clk 1:30:00]} e6 {[%clk 1:27:00]} 2. d4 {[%clk 1:31:00]} d5 {[%clk
1:26:00]} 3. Nd2 {[%clk 1:31:00]} Be7 {[%clk 1:26:00]} 4. c3 {[%clk 1:31:00]} c5
{[%clk 1:25:00]} 5. dxc5 {[%clk 1:31:00]} Nf6 {[%clk 1:24:00]} 6. exd5 {[%clk
1:20:00]} Qxd5 {[%clk 1:21:00]} 7. b4 {[%clk 1:11:00]} a5 {[%clk 1:13:00]} 8.
Ngf3 {[%clk 1:04:00]} Na6 {[%clk 0:55:00]} 9. Bc4 {[%clk 1:00:00]} Qh5 {[%clk
0:52:00]} 10. a3 {[%clk 0:53:00]} O-O {[%clk 0:41:00]} 11. O-O {[%clk 0:52:00]}
Nd5 {[%clk 0:41:00]} 12. Ne4 {[%clk 0:35:00]} Qg4 {[%clk 0:32:00]} 13. Qe2 {[%clk
0:30:00]} Nf4 {[%clk 0:22:00]} 14. Bxf4 {[%clk 0:31:00]} Qxf4 {[%clk 0:22:00]}
15. Rad1 {[%clk 0:29:00]} Qb8 {[%clk 0:16:44]} 16. Nd6 {[%clk 0:25:00]} Nc7
{[%clk 0:17:09]} 17. Ne5 {[%clk 0:23:00]} axb4 {[%clk 0:17:21]} 18. axb4 {[%clk
0:23:00]} Bf6 {[%clk 0:17:21]} 19. Rd3 {[%clk 0:09:45]} Nd5 {[%clk 0:16:47]} 20.
Qe4 {[%clk 0:03:45]} Qc7 {[%clk 0:14:30]} 21. Re1 {[%clk 0:00:38]} h6 {[%clk
0:09:27]} 22. Nexf7 {[%clk 0:00:42]} Nxc3 {[%clk 0:09:47]} 23. Rxc3 {[%clk
0:00:35]} Bxc3 {[%clk 0:09:55]} 24. Bxe6 {[%clk 0:00:34]} Bxe6 {[%clk 0:08:46]}
25. Qxe6 {[%clk 0:00:33]} Rxf7 {[%clk 0:08:06]} 26. Rd1 {[%clk 0:00:32]} Ra1
{[%clk 0:06:57]} 27. Rxa1 {[%clk 0:00:58]} Bxa1 {[%clk 0:07:20]} 28. b5 {[%clk
0:00:33]} Qe7 {[%clk 0:04:24]} 29. Qxf7+ {[%clk 0:00:40]} Qxf7 {[%clk 0:04:46]}
30. Nxf7 {[%clk 0:01:06]} Kxf7 {[%clk 0:05:16]} 31. Kf1 {[%clk 0:01:12]} Ke6
{[%clk 0:05:37]} 32. c6 {[%clk 0:01:26]} bxc6 {[%clk 0:03:49]} 33. bxc6 {[%clk
0:01:51]} Kd6 {[%clk 0:04:21]} 34. Ke2 {[%clk 0:01:56]} Kxc6 {[%clk 0:04:48]} 35.
Kf3 {[%clk 0:02:24]} Kd5 {[%clk 0:05:10]} 36. Kg4 {[%clk 0:01:45]} Ke5 {[%clk
0:05:14]} 37. Kh5 {[%clk 0:01:50]} Kf5 {[%clk 0:04:58]} 38. h4 {[%clk 0:00:41]}
Bd4 {[%clk 0:04:09]} 39. g4+ {[%clk 0:00:39]} Kf4 {[%clk 0:04:13]} 40. f3 {[%clk
0:00:43]} Kxf3 {[%clk 0:04:13]} 41. g5 {[%clk 0:00:43]} hxg5 {[%clk 0:04:13]} 0-1

[Event "Campeonato España Sub 18"]
[Site "Salobreña"]
[Date "2017.08.01"]
[Round "3"]
[White "Perez Garcia, Alejandro"]
[Black "Vidal Fernandez, Pablo"]
[Result "1-0"]
[Board "3"]
[WhiteClock "1:30"]
[WhiteTitle "IM"]
[WhiteElo "2358"]
[WhiteCountry "ESP"]
[WhiteFideId "32041543"]
[WhiteEloChange "5"]
[BlackClock "1:30"]
[BlackElo "2167"]
[BlackCountry "ESP"]
[BlackFideId "32041705"]
[BlackEloChange "-5"]

1. d4 {[%clk 1:30:00]} d5 {[%clk 1:30:00]} 2. c4 {[%clk 1:31:00]} e6 {[%clk
1:30:00]} 3. Nf3 {[%clk 1:31:00]} Nf6 {[%clk 1:29:00]} 4. g3 {[%clk 1:31:00]} Be7
{[%clk 1:28:00]} 5. Bg2 {[%clk 1:31:00]} O-O {[%clk 1:29:00]} 6. O-O {[%clk
1:31:00]} b6 {[%clk 1:27:00]} 7. Qc2 {[%clk 1:27:00]} Bb7 {[%clk 1:25:00]} 8.
cxd5 {[%clk 1:26:00]} exd5 {[%clk 1:23:00]} 9. Nc3 {[%clk 1:26:00]} Nbd7 {[%clk
1:22:00]} 10. Bf4 {[%clk 1:25:00]} c6 {[%clk 1:18:00]} 11. Rad1 {[%clk 1:17:00]}
Rc8 {[%clk 1:17:00]} 12. Ne5 {[%clk 1:13:00]} Re8 {[%clk 1:05:00]} 13. e4 {[%clk
1:08:00]} Nf8 {[%clk 0:59:00]} 14. Bh3 {[%clk 0:46:00]} Ne6 {[%clk 0:57:00]} 15.
Rfe1 {[%clk 0:46:00]} Bb4 {[%clk 0:53:00]} 16. exd5 {[%clk 0:33:00]} cxd5 {[%clk
0:49:00]} 17. f3 {[%clk 0:29:00]} b5 {[%clk 0:29:00]} 18. Bxe6 {[%clk 0:25:00]}
Rxe6 {[%clk 0:28:00]} 19. Nd3 {[%clk 0:25:00]} Bf8 {[%clk 0:27:00]} 20. Rxe6
{[%clk 0:20:00]} fxe6 {[%clk 0:27:00]} 21. Qe2 {[%clk 0:19:36]} Qe8 {[%clk
0:26:00]} 22. Re1 {[%clk 0:11:40]} b4 {[%clk 0:26:00]} 23. Nd1 {[%clk 0:11:33]}
Rc6 {[%clk 0:25:00]} 24. N1f2 {[%clk 0:11:19]} Ba6 {[%clk 0:21:00]} 25. Qd2
{[%clk 0:08:43]} Rc4 {[%clk 0:15:47]} 26. Ne5 {[%clk 0:07:08]} Rc8 {[%clk
0:15:52]} 27. Qe3 {[%clk 0:05:26]} Qa4 {[%clk 0:13:53]} 28. Neg4 {[%clk 0:03:15]}
Re8 {[%clk 0:12:47]} 29. Nxf6+ {[%clk 0:02:47]} gxf6 {[%clk 0:13:11]} 30. Ng4
{[%clk 0:03:03]} Bg7 {[%clk 0:13:38]} 31. Bh6 {[%clk 0:02:59]} Bh8 {[%clk
0:12:53]} 32. Qf4 {[%clk 0:03:00]} Qd7 {[%clk 0:07:18]} 33. Nxf6+ {[%clk
0:03:04]} Bxf6 {[%clk 0:07:44]} 34. Qxf6 {[%clk 0:03:24]} Qf7 {[%clk 0:08:01]}
35. Qe5 {[%clk 0:02:44]} Bd3 {[%clk 0:07:18]} 36. Rc1 {[%clk 0:02:51]} Qg6 {[%clk
0:06:10]} 37. Bf4 {[%clk 0:02:18]} Bc2 {[%clk 0:06:06]} 38. Qc7 {[%clk 0:02:08]}
b3 {[%clk 0:05:39]} 39. axb3 {[%clk 0:02:01]} Bxb3 {[%clk 0:06:05]} 40. Be5
{[%clk 0:01:22]} Qf7 {[%clk 0:05:31]} 41. Qc3 {[%clk 0:01:28]} Bc4 {[%clk
0:03:59]} 42. b3 {[%clk 0:01:33]} Be2 {[%clk 0:04:20]} 43. Kf2 {[%clk 0:01:27]}
Bb5 {[%clk 0:04:44]} 44. Qe3 {[%clk 0:01:27]} 1-0